Entropy-based Intra-coding RDO estimation for HEVC; The 9th International Forum on Strategic Techology (IFOST-2014), September 21-23, 2014, Cox's Bazar, Bangladesh

Détails bibliographiques
Parent link:The 9th International Forum on Strategic Techology (IFOST-2014), September 21-23, 2014, Cox's Bazar, Bangladesh.— 2014.— [4 p.]
Auteur principal: Sharabayko M. P. Maksim Pavlovich
Collectivités auteurs: Центр геоинформационных технологий, Национальный исследовательский Томский политехнический университет (ТПУ) Институт кибернетики (ИК) Кафедра вычислительной техники (ВТ)
Autres auteurs: Markov N. G. Nikolai Grigorevich
Résumé:Title screen
The neoteric H.265/HEVC video compression standard provides two times higher compression efficiency compared to the current industrial standard H.264/AVC. However the coding complexity increased. The main bottleneck of the encoder is rate-distortion optimization (RDO) estimation module as it involves numerous sequential syntax-based binary arithmetic coding (SBAC) loops. In this paper we present entropy-based RD estimation for HEVC intra compression. Our RDO implementation eliminates sequential block interdependencies and reduces RD estimation complexity. Our rate estimation algorithm provides the bit rate overhead between 0.6% to 6.0% on the reference HM encoder in All Intra Main configuration, while compression time reduction is 20%.
Langue:anglais
Publié: 2014
Collection:Information & Communication Technology
Computer Vision, Computer Graphics and Multimedia, Human Computer Interaction
Sujets:
Accès en ligne:https://doi.org/10.1109/IFOST.2014.6991071
Format: Électronique Chapitre de livre
KOHA link:https://koha.lib.tpu.ru/cgi-bin/koha/opac-detail.pl?biblionumber=641679

MARC

LEADER 00000nla2a2200000 4500
001 641679
005 20240228133146.0
035 |a (RuTPU)RU\TPU\network\6596 
035 |a RU\TPU\network\6593 
090 |a 641679 
100 |a 20150528d2014 k y0rusy50 ba 
101 0 |a eng 
105 |a a z 101zy 
135 |a drgn ---uucaa 
181 0 |a i  
182 0 |a b 
200 1 |a Entropy-based Intra-coding RDO estimation for HEVC  |f M. P. Sharabayko, N. G. Markov 
203 |a Text  |c electronic 
225 1 |a Information & Communication Technology 
225 1 |a Computer Vision, Computer Graphics and Multimedia, Human Computer Interaction 
300 |a Title screen 
320 |a [References: 11 tit.] 
330 |a The neoteric H.265/HEVC video compression standard provides two times higher compression efficiency compared to the current industrial standard H.264/AVC. However the coding complexity increased. The main bottleneck of the encoder is rate-distortion optimization (RDO) estimation module as it involves numerous sequential syntax-based binary arithmetic coding (SBAC) loops. In this paper we present entropy-based RD estimation for HEVC intra compression. Our RDO implementation eliminates sequential block interdependencies and reduces RD estimation complexity. Our rate estimation algorithm provides the bit rate overhead between 0.6% to 6.0% on the reference HM encoder in All Intra Main configuration, while compression time reduction is 20%. 
337 |a Adobe Reader 
463 0 |0 (RuTPU)RU\TPU\network\6394  |t The 9th International Forum on Strategic Techology (IFOST-2014), September 21-23, 2014, Cox's Bazar, Bangladesh  |o [proceedings]  |v [4 p.]  |d 2014 
610 1 |a электронный ресурс 
610 1 |a труды учёных ТПУ 
610 1 |a энтропия 
610 1 |a кодирование 
610 1 |a сжатие 
610 1 |a видео 
700 1 |a Sharabayko  |b M. P.  |c specialist in the field of informatics and computer technology  |c Programmer of Tomsk Polytechnic University, postgraduate student  |f 1988-  |g Maksim Pavlovich  |3 (RuTPU)RU\TPU\pers\31750 
701 1 |a Markov  |b N. G.  |c Doctor of Engineering, Professor of TPU  |c Russian specialist in Informatics and Computing  |f 1950-  |g Nikolai Grigorevich  |3 (RuTPU)RU\TPU\pers\24811  |9 11026 
712 0 2 |a Центр геоинформационных технологий  |3 (RuTPU)RU\TPU\col\8362  |9 24514 
712 0 2 |a Национальный исследовательский Томский политехнический университет (ТПУ)  |b Институт кибернетики (ИК)  |b Кафедра вычислительной техники (ВТ)  |3 (RuTPU)RU\TPU\col\18699 
801 2 |a RU  |b 63413507  |c 20150601  |g RCR 
856 4 |u https://doi.org/10.1109/IFOST.2014.6991071  |z https://doi.org/10.1109/IFOST.2014.6991071 
942 |c CF